00675nam a2200169 a 450000100100000000500170001000800410002704000250006808200160009311000610010924500980017026000530026830000210032150400320034295201140037499900170048800003838020240307073950.0110330s1969 dr 000 0 spa d aDO-SdBNPbspacBNPHU axxxxbR426p1 aRepública Dominicana.b Junta Central Electoral96460510aProyecciones 17 :bcontribución a la orientación cívico-cultural del pueblo dominicano. aSanto Domingo :bJunta Central Electoral,c1969. a229 p. ;c17 cm. aBibliografía : p. 225-226 0010718PDaPDbPDcCTd2013-04-10iLF1l0oxxxx R426pp38380-10r2020-06-25w2020-06-25yLFPDZNo se presta c37870d37870